| 000 | 00826nam a2200289 a 4500 | ||
|---|---|---|---|
| 003 | AR-BaBNM | ||
| 005 | 20251128205807.0 | ||
| 008 | 082120s2002 ||||||||||||||000 | spa|| | ||
| 020 | _a972-47-0461-0 | ||
| 040 | _cAR-BaBNM | ||
| 100 | 1 | _aDuarte, Ana | |
| 245 | 0 | 0 |
_aEducaçao Patrimonial _bguía para profesores, educadores, monitores de museus e tempos livres |
| 250 | _a1ª ed. | ||
| 260 |
_aLisboa _bTexto Editora _c1993 |
||
| 300 |
_a96 p. _bil., grab. |
||
| 490 | 0 | _aEducaçâo hoje | |
| 504 | _aContiene bibliografía p. 96 | ||
| 650 | 4 | _aEDUCACION NO FORMAL | |
| 650 | 4 | _aMUSEOS | |
| 650 | 4 | _aRELACION ESCUELA-COMUNIDAD | |
| 650 | 4 | _aEDUCACION EXTRAESCOLAR | |
| 650 | 4 | _aEXTENSION CULTURAL | |
| 650 | 4 | _aACTIVIDADES CULTURALES | |
| 650 | 4 | _aTECNICAS DE ENSEÑANZA | |
| 942 | _cBK | ||
| 998 | _cRaquel | ||
| 999 |
_c12829 _d12829 |
||